Zásady platobného systému v Slovenskej republike

Kľúčová úloha dobre fungujúceho a efektívneho platobného systému. Inštrumentárium bezhotovostného platobného styku v trhovej ekonomike. Vnútorný platobný styk. Úloha centrálnej banky v clearingu medzi bankami. Systém medzibankového zúčtovania v SR (akciová spoločnosť bánk - Bankové zúčtovacie centru...

ver descrição completa

Na minha lista:
Detalhes bibliográficos
Autor principal: Pastuchová, Anna
Formato: Capítulo de Livro
Idioma:eslovaco
Assuntos:
Tags: Adicionar Tag
Sem tags, seja o primeiro a adicionar uma tag!

MARC

LEADER 00000naa a2200000 4500
001 r016754
005 20221205102148.2
041 0 |a slo 
044 |a SK 
245 1 0 |a Zásady platobného systému v Slovenskej republike  |c Anna Pastuchová 
520 |a Kľúčová úloha dobre fungujúceho a efektívneho platobného systému. Inštrumentárium bezhotovostného platobného styku v trhovej ekonomike. Vnútorný platobný styk. Úloha centrálnej banky v clearingu medzi bankami. Systém medzibankového zúčtovania v SR (akciová spoločnosť bánk - Bankové zúčtovacie centrum Slovenska). Súhrnný profil clearingového zúčtovania. 
610 2 0 |a Slovensko 
610 2 0 |a banky obchodné 
610 2 0 |a banky emisné 
610 2 0 |a styk platobný bezhotovostný 
610 2 0 |a klíring 
610 2 0 |a zúčtovanie bezhotovostné 
610 2 0 |a Bankové zúčtovacie centrum Slovenska, a.s. Bratislava 
100 1 |a Pastuchová, Anna